Top Universities in Canada - Statistics

General Stats
  • This quiz has been taken 161 times
  • The average score is 8 of 11
Answer Stats
Canada Rank University World Rank % Correct
2 Toronto 34
96%
1 McGill 31
90%
3 British Columbia 47
86%
4 Alberta 110
74%
7 Waterloo 154
74%
8 Western 172
70%
9 Ottawa 237
69%
10 Calgary 242
68%
5 Montreal 116
67%
6 McMaster 152
65%
11 Queen's, Kingston 246
62%
No matching quizzes found
Score Distribution
Percent of People with Each Score
Percentile by Number Answered
Your Score History
You have not taken this quiz